| 000 | 00590nam a2200217 a 4500 | ||
|---|---|---|---|
| 999 |
_c9151 _d9151 |
||
| 001 | 9151 | ||
| 003 | BD-JhCC | ||
| 005 | 20180521144727.0 | ||
| 008 | 180310s xxk |||| |||| 000 0 eng d | ||
| 035 | _a(BD-JhCC)9151 | ||
| 040 |
_aBD-JhCC _dBD-JhCC |
||
| 041 | _aeng | ||
| 082 |
_a824 _bHAZ |
||
| 100 | _aHazlitt, William | ||
| 245 |
_aEssays by William Hazliti : _bbeing a collection of twenty essays / _cWilliam Hazlitt |
||
| 260 |
_aLondon : _bUniversity Tutorial Press Ltd. |
||
| 300 |
_a280 p.: _c20 cm. |
||
| 650 | _aEnglish Essays | ||
| 942 |
_2ddc _cBK |
||